| 000 | 00403nam a2200145Ia 4500 | ||
|---|---|---|---|
| 008 | 210210b1951 xxu||||| |||| 00| 0 eng d | ||
| 082 | _a541.3 HINS | ||
| 100 | _aHIINSHEL WOOD (C N). | ||
| 245 | _aStructure of physical chemistry. | ||
| 260 |
_aOxford _bAt the Clarendon Press _c1951 |
||
| 300 | _aviii,476 | ||
| 650 | _aStructure Physical Chemistry | ||
| 690 | _aPhysical Chemistry | ||
| 906 | _a009848 | ||
| 999 |
_c120836 _d120836 |
||